LEADER 01109nam0 22002893i 450 001 CFI0883755 005 20231121125457.0 010 $a9788891400116 100 $a20140304d2013 ||||0itac50 ba 101 | $aita 102 $ait 181 1$6z01$ai $bxxxe 182 1$6z01$an 200 1 $aCodice civile$econ commento essenziale articolo per articolo e schemi a lettura guidata$eleggi complementari$eadozione, consumatori, matrimonio e divorzio, persone giuridiche, stato civile$eesplicato 205 $a6. ed 210 $aNapoli$cEdizioni giuridiche Simone$d2013 215 $a1375 p.$d17 cm 225 | $a˜I œcodici esplicati minor 410 0$1001NAP0541522$12001 $a˜I œcodici esplicati minor 801 3$aIT$bIT-01$c20140304 850 $aIT-FR0098 899 $aBiblioteca Area Giuridico Economica$bFR0098 $eN 912 $aCFI0883755 950 0$aBiblioteca Area Giuridico Economica$d 53DEG COD 151$e 53DEG0000004025 VMN A4 $fC $h20140304$i20140304 977 $a 53 996 $aCodice civile$957566 997 $aUNICAS